[Event "ICS rated blitz match"]
[Site "204.178.125.65"]
[Date "1999.09.01"]
[Round "?"]
[White "Hossa"]
[Black "inmortal"]
[Result "1/2-1/2"]
[WhiteElo "2500"]
[BlackElo "2388"]
[PlyCount "95"]
[EventDate "1999.??.??"]

1. d4 Nf6 2. c4 g6 3. Nc3 Bg7 4. e4 d6 5. f3 O-O 6. Kf2 e5 7. Nge2 Nc6 8. d5
Ne7 9. Bg5 Nd7 10. Bxe7 Qxe7 11. Ng3 f5 12. exf5 gxf5 13. Nb5 Nf6 14. Be2 a6
15. Nc3 h5 16. Re1 h4 17. Nf1 e4 18. Kg1 Bd7 19. Qb3 b6 20. Bd3 Rae8 21. Rad1
Qf7 22. fxe4 fxe4 23. Bc2 Bg4 24. Ra1 Re5 25. Qa4 Bh6 26. Bd1 e3 27. Be2 Bxe2
28. Rxe2 Ng4 29. c5 Qf5 30. cxb6 cxb6 31. h3 Nf2 32. Qxh4 Qg6 33. Ng3 Rg5 34.
Rxe3 Rg4 35. Re6 Nxh3+ 36. Qxh3 Rxg3 37. Rxg6+ Rxg6 38. Qd3 Kg7 39. Qd4+ Kh7
40. Qxb6 Bg7 41. Qxa6 Bd4+ 42. Kh2 Rh6+ 43. Kg3 Rg6+ 44. Kh3 Rh6+ 45. Kg4 Rg6+
46. Kh3 Rh6+ 47. Kg4 Rg6+ 48. Kh3 {Game drawn by repetition} 1/2-1/2

[Event "ICS rated blitz match"]
[Site "204.178.125.65"]
[Date "1999.09.04"]
[Round "?"]
[White "Hossa"]
[Black "izirom"]
[Result "0-1"]
[WhiteElo "2469"]
[BlackElo "2037"]
[PlyCount "148"]
[EventDate "1999.??.??"]

1. e4 c5 2. Nf3 d6 3. d4 cxd4 4. Qxd4 Nc6 5. Qd1 Nf6 6. Nc3 Bg4 7. Be2 e6 8.
O-O Be7 9. Nd2 Bxe2 10. Nxe2 O-O 11. Re1 d5 12. exd5 Qxd5 13. Nc3 Qd7 14. Re3
Rfd8 15. Rd3 Qe8 16. Rxd8 Rxd8 17. Ne2 Ne4 18. Nf4 Nxd2 19. Bxd2 Qd7 20. Nd3 e5
21. Qe2 Nd4 22. Qxe5 Nxc2 23. Rc1 Qxd3 24. Qxe7 Qxd2 25. Rf1 Qd7 26. Qc5 Nd4
27. Re1 b6 28. Qg5 Ne6 29. Qc1 Qd2 30. Qb1 h5 31. b4 h4 32. b5 Nc5 33. Kf1 Qd3+
34. Qxd3 Rxd3 35. Re7 Ra3 36. Re8+ Kh7 37. Re2 Ra5 38. Rb2 Kg6 39. g3 hxg3 40.
hxg3 Nb7 41. Rc2 Rxb5 42. Rc7 Nc5 43. Rxa7 Ra5 44. Rxa5 bxa5 45. Kg2 Kf5 46.
Kf3 a4 47. Ke3 Kg4 48. Kd4 Ne6+ 49. Ke3 a3 50. Ke4 Nc5+ 51. Kd4 Na4 52. Kc4 Kf3
53. Kb4 Nb6 54. Kxa3 Kxf2 55. g4 Kg3 56. g5 Kg4 57. g6 fxg6 58. Kb4 Kf5 59. Kc3
Ke4 60. Kb4 g5 61. Kc3 Ke3 62. Kb4 g4 63. Kc5 Na8 64. a3 g3 65. Kc4 g2 66. Kc3
g1=Q 67. Kb2 Qd1 68. Kc3 Qd3+ 69. Kb4 Qd4+ 70. Kb3 Kd3 71. Ka2 Qc4+ 72. Ka1 Qb3
73. a4 Kc2 74. a5 74... Qb2# {Hossa checkmated} 0-1

[Event "ICS rated blitz match"]
[Site "204.178.125.65"]
[Date "1999.09.05"]
[Round "?"]
[White "Hossa"]
[Black "jacobost"]
[Result "1-0"]
[WhiteElo "2511"]
[BlackElo "2121"]
[PlyCount "59"]
[EventDate "1999.??.??"]

1. d4 Nf6 2. c4 g6 3. Nc3 Bg7 4. e4 d6 5. Nf3 O-O 6. Be2 e5 7. O-O Nc6 8. d5
Ne7 9. Bg5 Ne8 10. Qd2 f6 11. Bh6 f5 12. Bd3 f4 13. Bxg7 Nxg7 14. Rad1 h6 15.
Be2 g5 16. Ne1 g4 17. f3 h5 18. fxg4 hxg4 19. Nc2 Ng6 20. Kh1 Qh4 21. Ne1 Nh5
22. Kg1 g3 23. h3 Bd7 24. Nf3 Qe7 25. b4 Nh4 26. Rb1 Rf7 27. b5 Rh7 28. Qd1 Nf6
29. Ng5 Nxd5 30. Qxd5+ {jacobost resigns} 1-0

[Event "ICS rated blitz match"]
[Site "204.178.125.65"]
[Date "1999.10.02"]
[Round "?"]
[White "Hossa"]
[Black "jacobost"]
[Result "1-0"]
[WhiteElo "2414"]
[BlackElo "2174"]
[PlyCount "47"]
[EventDate "1999.??.??"]

1. e4 c5 2. c3 e6 3. d4 d5 4. e5 Nc6 5. Nf3 Bd7 6. Be2 Nge7 7. O-O Nf5 8. Bd3
Nh4 9. Ng5 g6 10. g3 Nf5 11. Bxf5 exf5 12. Nf3 Be7 13. dxc5 Be6 14. b4 h5 15.
Bf4 g5 16. Be3 h4 17. gxh4 g4 18. b5 Na5 19. Nd4 Nc4 20. c6 b6 21. Nd2 Nxe5 22.
Nxe6 fxe6 23. Bd4 Bd6 24. Qe2 {jacobost resigns} 1-0

[Event "ICS rated blitz match"]
[Site "204.178.125.65"]
[Date "1999.09.13"]
[Round "?"]
[White "Hossa"]
[Black "jacobost"]
[Result "1-0"]
[WhiteElo "2398"]
[BlackElo "2163"]
[PlyCount "97"]
[EventDate "1999.??.??"]

1. d4 Nf6 2. c4 g6 3. Nc3 Bg7 4. e4 d6 5. Nf3 O-O 6. Be2 e5 7. O-O Nc6 8. d5
Ne7 9. Bg5 h6 10. Bh4 Ne8 11. Nd2 f5 12. f3 Nf6 13. Rc1 c5 14. b3 h5 15. Bg5 f4
16. Bd3 Nh7 17. Bh4 g5 18. Be1 g4 19. fxg4 hxg4 20. Bh4 Bf6 21. Bxf6 Rxf6 22.
Qe1 Rh6 23. Bc2 Ng6 24. a3 Qg5 25. Bd1 Qh5 26. h3 Qg5 27. hxg4 Nf6 28. Nf3 Qxg4
29. Nxe5 Qg5 30. Nxg6 Rxg6 31. Qd2 Bh3 32. Rc2 Re8 33. Qxf4 Kg7 34. Qxg5 Rxg5
35. Rf4 a6 36. Rcf2 Rf8 37. b4 b6 38. Kf1 Bd7 39. Ba4 Bc8 40. Bc6 Nh7 41. Na4
b5 42. Rxf8 Nxf8 43. Nb6 Bg4 44. bxc5 dxc5 45. cxb5 axb5 46. Bxb5 Re5 47. Rf4
Bh5 48. Rxf8 Kxf8 49. Nd7+ {jacobost resigns} 1-0

[Event "ICS rated blitz match"]
[Site "204.178.125.65"]
[Date "1999.09.13"]
[Round "?"]
[White "Hossa"]
[Black "jacobost"]
[Result "1-0"]
[WhiteElo "2384"]
[BlackElo "2177"]
[PlyCount "59"]
[EventDate "1999.??.??"]

1. d4 Nf6 2. c4 c5 3. d5 e5 4. dxe6 dxe6 5. Qxd8+ Kxd8 6. Nc3 Nc6 7. Bd2 Bd7 8.
e4 a6 9. O-O-O Ng4 10. Nh3 Ke8 11. f3 Nge5 12. f4 Ng6 13. e5 Nd4 14. Be3 Nf5
15. Bf2 Bc6 16. Rg1 h5 17. Bd3 Ngh4 18. Be4 Rc8 19. Bxc6+ Rxc6 20. Rd3 Be7 21.
g3 Ng6 22. Rgd1 Nf8 23. Rf3 f6 24. Bg1 g5 25. exf6 g4 26. fxe7 Ng6 27. Rfd3
gxh3 28. Rd8+ Kxe7 29. R1d7+ Kf6 30. Ne4# {jacobost checkmated} 1-0

[Event "ICS rated blitz match"]
[Site "204.178.125.65"]
[Date "1999.09.23"]
[Round "?"]
[White "Hossa"]
[Black "jacobost"]
[Result "1/2-1/2"]
[WhiteElo "2416"]
[BlackElo "2126"]
[PlyCount "85"]
[EventDate "1999.??.??"]

1. Nf3 d5 2. g3 c6 3. Bg2 Nf6 4. O-O Bf5 5. d3 e6 6. Nc3 Be7 7. Nd4 Bg6 8. e4
Nbd7 9. Bg5 Qb6 10. Nb3 a5 11. Be3 Qc7 12. Bf4 e5 13. Bc1 d4 14. Ne2 a4 15. Nd2
c5 16. f4 Ng4 17. Nc4 b5 18. Nxe5 Ngxe5 19. fxe5 Bh5 20. Bf4 Nxe5 21. Bxe5 Qxe5
22. Rf5 Bxe2 23. Qxe2 Qe6 24. c3 O-O 25. cxd4 cxd4 26. Rxb5 Rac8 27. Ra5 Qc6
28. Qf2 Qc2 29. Qxc2 Rxc2 30. Rxa4 Rxb2 31. Rc4 Bg5 32. Rc7 Be3+ 33. Kh1 h5 34.
a4 Ra8 35. a5 g5 36. e5 Rxa5 37. Rc8+ Kg7 38. Rxa5 Rb1+ 39. Bf1 Rxf1+ 40. Kg2
Rf2+ 41. Kh1 Rf1+ 42. Kg2 Rf2+ 43. Kh1 {Game drawn by mutual agreement} 1/2-1/2

[Event "ICS rated blitz match"]
[Site "204.178.125.65"]
[Date "1999.10.05"]
[Round "?"]
[White "Hossa"]
[Black "jacobost"]
[Result "1-0"]
[WhiteElo "2450"]
[BlackElo "2320"]
[PlyCount "61"]
[EventDate "1999.??.??"]

1. d4 Nf6 2. c4 c5 3. d5 e5 4. Nc3 d6 5. e4 Be7 6. Bd3 Nbd7 7. Nge2 a6 8. O-O
Nh5 9. Be3 O-O 10. Qd2 g6 11. Bh6 Ng7 12. f4 exf4 13. Nxf4 Bg5 14. Bxg5 Qxg5
15. Rae1 Ne5 16. a3 Nh5 17. Nce2 Bd7 18. Qc3 Nxf4 19. Nxf4 b5 20. b3 Rab8 21.
Qa5 Qe7 22. Be2 b4 23. Ra1 Bc8 24. Rf2 bxa3 25. Qxa3 Rb4 26. Nd3 Nxd3 27. Bxd3
f5 28. Raf1 Qb7 29. Bc2 Bd7 30. exf5 Bxf5 31. g4 {jacobost resigns} 1-0

[Event "ICS rated blitz match"]
[Site "204.178.125.65"]
[Date "1999.09.12"]
[Round "?"]
[White "Hossa"]
[Black "jason-1"]
[Result "0-1"]
[WhiteElo "2563"]
[BlackElo "2486"]
[PlyCount "130"]
[EventDate "1999.??.??"]

1. d4 Nf6 2. c4 g6 3. Nc3 d5 4. cxd5 Nxd5 5. e4 Nxc3 6. bxc3 Bg7 7. Bb5+ c6 8.
Bc4 b5 9. Bb3 Bb7 10. Ne2 c5 11. d5 O-O 12. O-O Nd7 13. Rb1 a6 14. Bg5 h6 15.
Be3 Qb6 16. Qd2 Kh7 17. Bc2 Ne5 18. Bf4 Rfd8 19. Qe3 Nc4 20. Qg3 e5 21. Bc1 Qa5
22. a4 Bc8 23. f4 Re8 24. axb5 axb5 25. fxe5 Nxe5 26. Bb2 Qc7 27. Nf4 Nc4 28.
Bc1 Ra5 29. Nh5 Qxg3 30. Nxg3 Bxc3 31. Rxf7+ Kg8 32. Rf3 Bd4+ 33. Kh1 Bg4 34.
Rfb3 b4 35. h3 Bd7 36. Rf3 Ne5 37. Rf6 Kg7 38. Rf4 Bb5 39. Bb2 Bxb2 40. Rxb2
Bd3 41. Rf2 Rb8 42. Kg1 Ra1+ 43. Kh2 c4 44. Bxd3 Nxd3 45. Ra2 Rxa2 46. Rxa2 b3
47. Ra7+ Kf6 48. Ra6+ Ke5 49. Re6+ Kd4 50. Ne2+ Ke3 51. Nc3 Kd2 52. Nb1+ Kc1
53. Na3 c3 54. Rxg6 Ne5 55. Rxh6 Kb2 56. Rf6 Kxa3 57. Ra6+ Kb4 58. Ra1 b2 59.
Rb1 Kc5 60. Kg3 c2 61. Rxb2 Rxb2 62. Kf4 Kd6 63. Kg3 c1=Q 64. Kh2 Qf4+ 65. Kh1
65... Rb1# {Hossa checkmated} 0-1

[Event "ICS rated blitz match"]
[Site "204.178.125.65"]
[Date "1999.09.12"]
[Round "?"]
[White "Hossa"]
[Black "jason-1"]
[Result "0-1"]
[WhiteElo "2474"]
[BlackElo "2458"]
[PlyCount "54"]
[EventDate "1999.??.??"]

1. e4 c6 2. d4 d5 3. Nc3 dxe4 4. Nxe4 Bf5 5. Ng3 Bg6 6. h4 h6 7. Nf3 Nd7 8. h5
Bh7 9. Bc4 Ngf6 10. Bd2 e6 11. Ne5 Nxe5 12. dxe5 Qd4 13. Be2 Bc5 14. Rf1 Qxe5
15. Bc3 Qc7 16. Bxf6 gxf6 17. Qd2 Rd8 18. Qxh6 Bxc2 19. Qxh8+ Ke7 20. Qxd8+
Qxd8 21. Rg1 Qd4 22. Rh1 Qb4+ 23. Kf1 Qf4 24. Bf3 Qd4 25. Ne4 Bxe4 26. Kg1
Qxf2+ 27. Kh2 27... Qh4# {Hossa checkmated} 0-1

[Event "ICS rated blitz match"]
[Site "204.178.125.65"]
[Date "1999.09.09"]
[Round "?"]
[White "Hossa"]
[Black "jason-1"]
[Result "0-1"]
[WhiteElo "2501"]
[BlackElo "2244"]
[PlyCount "103"]
[EventDate "1999.??.??"]

1. e4 c6 2. d4 d5 3. Nd2 dxe4 4. Nxe4 Nf6 5. Ng5 h6 6. N5f3 g5 7. Bc4 b5 8. Be2
Bg7 9. h4 g4 10. Ne5 h5 11. f3 Nbd7 12. Nxc6 Qb6 13. Ne5 O-O 14. Nxd7 Bxd7 15.
fxg4 hxg4 16. h5 Qc6 17. Bf1 Bf5 18. c3 e5 19. h6 Bh8 20. dxe5 Rfe8 21. Bf4
Qe4+ 22. Ne2 Nd5 23. Qd4 Nxf4 24. Qxe4 Bxe4 25. Nxf4 Bxe5 26. Ne2 Rad8 27. Kf2
Kh7 28. a4 b4 29. cxb4 Bxb2 30. Ra2 Rd2 31. Ke1 Rc2 32. Kd1 Rd8+ 33. Ke1 Rdd2
34. Rxb2 Rxb2 35. Rh2 g3 36. Nxg3 Bf3 37. gxf3 Rxh2 38. Be2 Rxb4 39. Bd1 Kxh6
40. Nf1 Rh1 41. Kf2 Rb2+ 42. Be2 Rh4 43. a5 Ra4 44. Ne3 Raa2 45. Nf5+ Kg5 46.
Ng3 Rxa5 47. Ke3 Ra3+ 48. Bd3 Rbb3 49. Ne4+ Kf5 50. Nc3+ Ke5 51. f4+ Kf6 52.
Nd5+ {Hossa resigns} 0-1

[Event "ICS rated blitz match"]
[Site "204.178.125.65"]
[Date "1999.09.07"]
[Round "?"]
[White "Hossa"]
[Black "joejan"]
[Result "1/2-1/2"]
[WhiteElo "2514"]
[BlackElo "2356"]
[PlyCount "113"]
[EventDate "1999.??.??"]

1. e4 c5 2. Nf3 d6 3. d4 cxd4 4. Nxd4 Nf6 5. Nc3 a6 6. Bg5 e6 7. Bxf6 Qxf6 8.
Be2 Be7 9. O-O O-O 10. Qd2 b5 11. a3 Bb7 12. Rfe1 Nd7 13. Rad1 Qg6 14. Bf3 Ne5
15. Qe2 Rac8 16. Bh5 Qh6 17. a4 b4 18. Na2 a5 19. Nb3 Nc4 20. Rd4 Ba6 21. Bf3
Bf6 22. Rdd1 Rc6 23. c3 Ne5 24. Qc2 Nxf3+ 25. gxf3 Be5 26. f4 Bxf4 27. f3 Be3+
28. Kh1 Bb6 29. Qd2 Bc4 30. Qxh6 gxh6 31. Nxa5 Bxa5 32. cxb4 Bxa2 33. Rg1+ Kh8
34. bxa5 Bb3 35. Rd2 Bxa4 36. b4 Rb8 37. Rb1 Rc4 38. Rxd6 Rcxb4 39. Rxb4 Rxb4
40. a6 Rb8 41. a7 Ra8 42. Ra6 Bd1 43. Kg2 Kg7 44. Kf2 Bb3 45. Ra3 Bc4 46. f4
Kf6 47. Ke3 Bb5 48. Ra5 Bc6 49. Ra6 Bb7 50. Ra3 Rg8 51. Rb3 Bc6 52. Rb8 Rg2 53.
Rc8 Bb7 54. Rb8 Bc6 55. Rc8 Bb7 56. Rb8 Bc6 57. Rc8 {Game drawn by repetition}
1/2-1/2

[Event "ICS rated blitz match"]
[Site "204.178.125.65"]
[Date "1999.09.19"]
[Round "?"]
[White "Hossa"]
[Black "joejan"]
[Result "1-0"]
[WhiteElo "2540"]
[BlackElo "2342"]
[PlyCount "57"]
[EventDate "1999.??.??"]

1. e4 c5 2. d4 cxd4 3. c3 d5 4. exd5 Qxd5 5. cxd4 e5 6. dxe5 Qxd1+ 7. Kxd1 Nc6
8. Nf3 Bg4 9. Be2 O-O-O+ 10. Nbd2 Bxf3 11. Bxf3 Nxe5 12. Kc2 Nxf3 13. Nxf3 Nf6
14. Ne5 Rd5 15. Nxf7 Rg8 16. Rd1 Rc5+ 17. Kb1 Be7 18. Be3 Rc6 19. Bxa7 Rf8 20.
Ne5 Re6 21. Rc1+ Kd8 22. Bb8 Nd5 23. f3 Bg5 24. Rd1 Ke7 25. Rxd5 Rxb8 26. g3
Bf6 27. Nd3 Re2 28. a4 Ke6 29. Nf4+ {joejan resigns} 1-0

[Event "ICS rated blitz match"]
[Site "204.178.125.65"]
[Date "1999.09.20"]
[Round "?"]
[White "Hossa"]
[Black "joejan"]
[Result "1-0"]
[WhiteElo "2328"]
[BlackElo "2295"]
[PlyCount "96"]
[EventDate "1999.??.??"]

1. e4 c5 2. Nf3 d6 3. d4 cxd4 4. Nxd4 Nf6 5. Nc3 a6 6. Bg5 e6 7. f4 h6 8. Bxf6
Qxf6 9. g3 Nc6 10. Nxc6 bxc6 11. Bg2 d5 12. Na4 Be7 13. e5 Qg6 14. Nb6 Rb8 15.
Nxc8 Rxc8 16. O-O O-O 17. Qe2 f6 18. f5 exf5 19. Qxa6 fxe5 20. Bxd5+ Kh8 21.
Rae1 Bd6 22. Bc4 f4 23. Bd3 Qg4 24. Qc4 Qg5 25. Qe4 Kg8 26. Qh7+ Kf7 27. a3 Ke7
28. Bg6 Kd8 29. Rf3 Rf6 30. Be4 fxg3 31. Rxg3 Qd2 32. Qg8+ Rf8 33. Qxf8+ Bxf8
34. Rd3+ Qxd3 35. cxd3 Bc5+ 36. Kg2 Bd4 37. Re2 c5 38. b3 Ke7 39. Kf3 Rf8+ 40.
Kg4 Rf4+ 41. Kh5 Kf6 42. Rg2 g5 43. Rg4 Rf2 44. h3 Rb2 45. Bd5 Rd2 46. Rg3 Rf2
47. Kxh6 Rf4 48. Rg4 48... Rf3 {joejan resigns} 1-0

[Event "ICS rated blitz match"]
[Site "204.178.125.65"]
[Date "1999.09.26"]
[Round "?"]
[White "Hossa"]
[Black "joejan"]
[Result "1-0"]
[WhiteElo "2489"]
[BlackElo "2183"]
[PlyCount "97"]
[EventDate "1999.??.??"]

1. e4 c5 2. Nf3 d6 3. d4 cxd4 4. Nxd4 Nf6 5. Nc3 a6 6. Bg5 e6 7. f4 h6 8. Bxf6
Qxf6 9. g3 Nc6 10. Nxc6 bxc6 11. Bg2 Bd7 12. Na4 Rb8 13. O-O c5 14. c3 Be7 15.
Rf2 Bb5 16. f5 O-O 17. fxe6 Qxe6 18. b4 Bf6 19. bxc5 dxc5 20. Nxc5 Qb6 21. Nd7
Bxd7 22. e5 Bxe5 23. Qxd7 Rbd8 24. Qf5 Bxc3 25. Rb1 Qe3 26. Kh1 g6 27. Qf3 Qxf3
28. Rxf3 Be5 29. Bf1 Rb8 30. Rxb8 Rxb8 31. Bxa6 Rb1+ 32. Kg2 Kg7 33. Re3 f6 34.
Kf3 Rb2 35. Re2 Rb4 36. Bd3 Ra4 37. Bb5 Ra3+ 38. Ke4 Kf7 39. Rc2 Ra5 40. a4 Ra8
41. Bc6 Rd8 42. Bd5+ Ke7 43. a5 Rb8 44. a6 Rb4+ 45. Rc4 Rb2 46. a7 Re2+ 47. Kf3
Ra2 48. Rc7+ Bxc7 49. Bxa2 {joejan resigns} 1-0

[Event "ICS rated blitz match"]
[Site "204.178.125.65"]
[Date "1999.10.09"]
[Round "?"]
[White "Hossa"]
[Black "joejan"]
[Result "1-0"]
[WhiteElo "2413"]
[BlackElo "2124"]
[PlyCount "47"]
[EventDate "1999.??.??"]

1. e4 c5 2. Nf3 d6 3. d4 cxd4 4. Nxd4 Nf6 5. Nc3 a6 6. Bg5 e6 7. f4 h6 8. Bxf6
Qxf6 9. g3 b5 10. Bg2 Ra7 11. O-O Be7 12. f5 Qe5 13. fxe6 fxe6 14. a4 b4 15.
Nce2 Bf6 16. Qd2 O-O 17. Qxb4 Rb7 18. Qa3 Bd7 19. Rad1 Rd8 20. Nf4 Nc6 21.
Nfxe6 Nxd4 22. Nxd4 Qc5 23. e5 dxe5 24. Qxc5 {joejan resigns} 1-0

[Event "ICS rated blitz match"]
[Site "204.178.125.65"]
[Date "1999.09.26"]
[Round "?"]
[White "Hossa"]
[Black "joejan"]
[Result "1-0"]
[WhiteElo "2449"]
[BlackElo "2182"]
[PlyCount "115"]
[EventDate "1999.??.??"]

1. e4 e5 2. Nf3 Nc6 3. Bb5 a6 4. Ba4 Nf6 5. O-O b5 6. Bb3 Be7 7. Re1 Bb7 8. c3
d5 9. exd5 Nxd5 10. Nxe5 Nxe5 11. Rxe5 Nf4 12. Bxf7+ Kxf7 13. Rf5+ Bf6 14. Rxf4
Qd3 15. Qh5+ Kg8 16. a4 g6 17. Qd1 Kg7 18. Qf1 Qd5 19. d4 Rae8 20. Rf3 b4 21.
Re3 bxc3 22. bxc3 Bg5 23. Rxe8 Rxe8 24. f3 Bxc1 25. Qxc1 Re2 26. Qd1 Qe6 27.
Kf1 Bxf3 28. gxf3 Rxh2 29. Qd2 Rxd2 30. Nxd2 Qe3 31. Ra2 Qxc3 32. Kg2 Qxd4 33.
Rc2 Qe5 34. Ne4 h5 35. Rc5 Qf4 36. Rc6 g5 37. Ng3 Qd2+ 38. Kg1 Qd7 39. Nxh5+
Kf8 40. Rh6 Qd1+ 41. Kg2 Qd2+ 42. Kg3 Qe1+ 43. Kg4 Qe5 44. Rxa6 Qd4+ 45. Kxg5
Qc5+ 46. Kh6 Qc4 47. Rf6+ Ke7 48. Rf4 Qe6+ 49. Nf6 Qe5 50. Re4 Kxf6 51. Rxe5
Kxe5 52. f4+ Kxf4 53. a5 c5 54. a6 c4 55. a7 c3 56. a8=Q c2 57. Qa4+ Ke3 58.
Qxc2 {joejan resigns} 1-0

[Event "ICS rated blitz match"]
[Site "204.178.125.65"]
[Date "1999.09.08"]
[Round "?"]
[White "Hossa"]
[Black "joejan"]
[Result "1/2-1/2"]
[WhiteElo "2525"]
[BlackElo "2357"]
[PlyCount "75"]
[EventDate "1999.??.??"]

1. e4 c5 2. Nf3 d6 3. d4 cxd4 4. Qxd4 Nf6 5. Nc3 Nc6 6. Qd1 g6 7. Bb5 Bd7 8.
Ng5 Bg7 9. O-O O-O 10. Bd2 a6 11. Bd3 b5 12. Qe1 Ne5 13. f4 Nxd3 14. cxd3 b4
15. Nd1 a5 16. Rc1 Rc8 17. Rxc8 Qxc8 18. Ne3 Bb5 19. Qe2 h6 20. e5 hxg5 21.
exf6 Bxf6 22. fxg5 Bxg5 23. b3 Qe6 24. Re1 Rc8 25. Qf3 Bc6 26. Qg3 Bf6 27. Ng4
Bd4+ 28. Kh1 Qd5 29. Rxe7 Qxg2+ 30. Qxg2 Bxg2+ 31. Kxg2 Rc2 32. Nh6+ Kg7 33.
Rxf7+ Kh8 34. Rf8+ Kg7 35. Rf7+ Kh8 36. Rf8+ Kh7 37. Rf7+ Kh8 38. Rf8+ {
Game drawn by repetition} 1/2-1/2

[Event "ICS rated blitz match"]
[Site "204.178.125.65"]
[Date "1999.09.06"]
[Round "?"]
[White "Hossa"]
[Black "joejan"]
[Result "1-0"]
[WhiteElo "2441"]
[BlackElo "2366"]
[PlyCount "105"]
[EventDate "1999.??.??"]

1. e4 c5 2. Nf3 d6 3. d4 cxd4 4. Nxd4 Nf6 5. Nc3 a6 6. Bg5 e6 7. Bxf6 Qxf6 8.
Be2 Nc6 9. Nxc6 bxc6 10. O-O d5 11. exd5 exd5 12. Bg4 Be7 13. Bxc8 Rxc8 14. Qe2
O-O 15. Qxa6 Bb4 16. Qd3 Bxc3 17. Qxc3 Qxc3 18. bxc3 Rfe8 19. Rfe1 Kf8 20. Kf1
Rb8 21. Rxe8+ Kxe8 22. Ke2 Kd7 23. Kd3 Kd6 24. c4 Kc5 25. cxd5 cxd5 26. a4 Ra8
27. a5 Ra6 28. Kc3 f5 29. f4 h6 30. g3 g5 31. h4 gxf4 32. gxf4 Rg6 33. a6 Rg3+
34. Kb2 Rg8 35. a7 Ra8 36. Kc3 Kb6 37. Kd4 Rxa7 38. Rxa7 Kxa7 39. c4 dxc4 40.
Kxc4 Kb8 41. Kd5 Kc7 42. Ke6 Kd8 43. Kxf5 Ke7 44. Kg6 Kf8 45. Kxh6 Kf7 46. Kg5
Kg7 47. f5 Kf7 48. h5 Kg7 49. h6+ Kh7 50. f6 Kg8 51. Kf5 Kh8 52. f7 Kh7 53.
f8=R {joejan resigns} 1-0

[Event "ICS rated blitz match"]
[Site "204.178.125.65"]
[Date "1999.10.12"]
[Round "?"]
[White "Hossa"]
[Black "k64"]
[Result "1-0"]
[WhiteElo "2419"]
[BlackElo "2182"]
[PlyCount "41"]
[EventDate "1999.??.??"]

1. e4 c5 2. Nf3 d6 3. d4 cxd4 4. Nxd4 Nf6 5. Nc3 a6 6. Bg5 e6 7. f4 Be7 8. Qf3
Qc7 9. O-O-O Nbd7 10. Qg3 h6 11. Bxf6 Bxf6 12. f5 Be5 13. Qh3 Nc5 14. fxe6 fxe6
15. b4 Bxd4 16. Rxd4 O-O 17. e5 Nd7 18. Qxe6+ Kh8 19. Nd5 Qb8 20. Qxd6 Nxe5 21.
Qxf8+ {k64 resigns} 1-0

[Event "ICS rated blitz match"]
[Site "204.178.125.65"]
[Date "1999.10.03"]
[Round "?"]
[White "Hossa"]
[Black "kasparov4"]
[Result "0-1"]
[WhiteElo "2429"]
[BlackElo "2134"]
[PlyCount "77"]
[EventDate "1999.??.??"]

1. c4 e6 2. Nf3 d5 3. d4 c5 4. cxd5 exd5 5. Nc3 Nc6 6. dxc5 d4 7. Ne4 Qd5 8.
Nfd2 Bf5 9. Ng3 Bg6 10. Nb3 Bxc5 11. Nxc5 Qxc5 12. Bd2 Qb6 13. b3 Nb4 14. Bxb4
Qxb4+ 15. Qd2 Qxd2+ 16. Kxd2 Rc8 17. Rc1 Rxc1 18. Kxc1 h5 19. Rg1 Nf6 20. h4
Kd7 21. Kb2 Rc8 22. b4 Rc2+ 23. Kb3 Ng4 24. Nh1 Rc1 25. Kb2 Rb1+ 26. Ka3 Bc2
27. e3 d3 28. Bxd3 Rxg1 29. Bxc2 Rxh1 30. Be4 Kc7 31. Bd5 f6 32. g3 Re1 33. f3
Rxe3+ 34. Kb2 Ne5 35. g4 hxg4 36. fxg4 Nxg4 37. h5 Ne5 38. Bb3 Rh3 39. h6 {
Hossa resigns} 0-1

[Event "ICS rated blitz match"]
[Site "204.178.125.65"]
[Date "1999.10.03"]
[Round "?"]
[White "Hossa"]
[Black "kasparov4"]
[Result "1/2-1/2"]
[WhiteElo "2435"]
[BlackElo "2128"]
[PlyCount "237"]
[EventDate "1999.??.??"]

1. c4 e6 2. Nf3 d5 3. d4 c5 4. cxd5 exd5 5. Nc3 Nc6 6. dxc5 d4 7. Ne4 Qd5 8.
Nfd2 Bf5 9. Ng3 Bg6 10. Nb3 Bxc5 11. Nxc5 Qxc5 12. Bd2 Qb6 13. b3 Nb4 14. Bxb4
Qxb4+ 15. Qd2 Qxd2+ 16. Kxd2 Rc8 17. Rc1 Rxc1 18. Kxc1 h5 19. Rg1 Nf6 20. h4
Kd7 21. Kb2 Rc8 22. b4 Rc2+ 23. Kb3 Ng4 24. Nh1 Rc1 25. a4 d3 26. exd3 Bxd3 27.
Ng3 Nxf2 28. Kb2 Re1 29. b5 g5 30. b6 axb6 31. hxg5 h4 32. Nf5 Bxf1 33. Nxh4
Ne4 34. g6 fxg6 35. Nf3 Re2+ 36. Ka3 Ng3 37. Nh4 Re6 38. Kb3 Kd6 39. Kc2 Kc5
40. Kb3 Bc4+ 41. Kc2 Re2+ 42. Kc1 Re4 43. Kc2 Kb4 44. Rb1+ Kc5 45. Rg1 Re2+ 46.
Kc1 Ra2 47. Re1 Ra1+ 48. Kd2 Rxe1 49. Kxe1 g5 50. Nf3 g4 51. Ne5 Kb4 52. Kf2
Nf5 53. Nxg4 Nd4 54. Ne5 Ne6 55. Nxc4 Kxc4 56. g4 Nd4 57. Ke3 Ne6 58. Ke2 Nf8
59. Kf3 Kb4 60. g5 Kxa4 61. Ke4 b5 62. Ke3 b4 63. Kd3 b3 64. Kc3 Ka3 65. Kd3
Ka2 66. Ke4 b2 67. Ke5 b1=Q 68. Kd6 Qd1+ 69. Ke5 Qe1+ 70. Kd5 Qc1 71. Kd4 Qb1
72. Ke5 Qb2+ 73. Kd6 Qc3 74. Kd5 Qd3+ 75. Ke5 b5 76. Kf6 b4 77. Ke7 b3 78. Kf6
b2 79. Ke7 b1=Q 80. Kf7 Qbf1+ 81. Kg7 Qe3 82. g6 Qg3 83. Kh8 Qh4+ 84. Kg7 Qff4
85. Kg8 Qe5 86. Kf7 Qh7+ 87. gxh7 Qh8 88. Ke7 Qxh7+ 89. Kd6 Qg6+ 90. Ke5 Qg5+
91. Kd6 Qg6+ 92. Ke5 Qg4 93. Kd6 Qg5 94. Kc6 Qg6+ 95. Kd5 Qf5+ 96. Kd6 Qf6+ 97.
Kc5 Qe5+ 98. Kc6 Qe6+ 99. Kc5 Qe5+ 100. Kc6 Qe6+ 101. Kc5 Nd7+ 102. Kd4 Qf6+
103. Ke4 Qh6 104. Kd5 Qg6 105. Kd4 Qf5 106. Ke3 Qf6 107. Ke4 Ne5 108. Kd5 Qf7+
109. Kxe5 Qe7+ 110. Kf5 Qf7+ 111. Ke5 Qe7+ 112. Kf5 Qd8 113. Kg4 Qc7 114. Kf5
Kb2 115. Kg5 Kc3 116. Kg6 Kd3 117. Kf6 Ke4 118. Ke6 Qd7+ 119. Kxd7 {
Game drawn because neither player has mating material} 1/2-1/2

[Event "ICS rated blitz match"]
[Site "204.178.125.65"]
[Date "1999.10.08"]
[Round "?"]
[White "Hossa"]
[Black "kasparov4"]
[Result "1/2-1/2"]
[WhiteElo "2489"]
[BlackElo "2207"]
[PlyCount "183"]
[EventDate "1999.??.??"]

1. c4 e6 2. Nf3 d5 3. g3 c5 4. Bg2 Nf6 5. O-O dxc4 6. Na3 Nbd7 7. Nxc4 Nd5 8.
d4 b5 9. Nce5 Nxe5 10. dxe5 Bb7 11. a4 Qa5 12. Bg5 b4 13. e4 Nb6 14. Nd2 c4 15.
Qc2 Bc5 16. Rfb1 Rc8 17. Bf4 h6 18. Re1 O-O 19. Bf1 Rfd8 20. Nxc4 Nxc4 21. Bxc4
Bxf2+ 22. Kxf2 Qc5+ 23. Kf3 Qxc4 24. Qxc4 Rxc4 25. Rac1 Rd3+ 26. Kf2 Rxc1 27.
Rxc1 Rb3 28. Rc7 Bxe4 29. Bc1 a6 30. Ra7 Rf3+ 31. Ke2 Rf5 32. Rxa6 Rxe5 33. Ra7
Rc5 34. Bf4 Rc2+ 35. Ke3 Bg6 36. Be5 f6 37. Bd6 Rxb2 38. Rb7 b3 39. a5 Ra2 40.
Rxb3 Rxa5 41. Rb8+ Kh7 42. Rb7 Ra8 43. Be7 Kg8 44. h3 Rc8 45. Bb4 Kh7 46. Re7
e5 47. h4 Bf5 48. Ba5 Kg6 49. Kf3 Rb8 50. Bd2 Rb3+ 51. Kf2 Bg4 52. Re8 Kf5 53.
Re7 Rf3+ 54. Kg2 Rd3 55. Be1 g6 56. Rh7 h5 57. Kf2 e4 58. Ra7 Rf3+ 59. Kg2 Rd3
60. Kf2 Bf3 61. Ra5+ Kg4 62. Ra6 Kf5 63. Ra5+ Ke6 64. Bb4 Rd5 65. Ra6+ Kf5 66.
Bc3 Rb5 67. Rxf6+ Kg4 68. Rxg6+ Kh3 69. Re6 Rb3 70. Bd2 Rb2 71. Rd6 Ra2 72. Rd8
Rc2 73. Rd5 Ra2 74. Rd8 Ra1 75. Re8 Rd1 76. Be3 Rh1 77. Bf4 Rh2+ 78. Ke3 Re2+
79. Kd4 Rc2 80. Rxe4 Bxe4 81. Kxe4 Rc4+ 82. Kf5 Rc5+ 83. Be5 Rxe5+ 84. Kxe5
Kxg3 85. Kf5 Kxh4 86. Kf4 Kh3 87. Kf3 h4 88. Kf2 Kh2 89. Kf3 h3 90. Kf2 Kh1 91.
Kg3 h2 92. Kf2 {kasparov4 stalemated} 1/2-1/2

[Event "ICS rated blitz match"]
[Site "204.178.125.65"]
[Date "1999.10.08"]
[Round "?"]
[White "Hossa"]
[Black "kasparov4"]
[Result "1-0"]
[WhiteElo "2434"]
[BlackElo "2188"]
[PlyCount "103"]
[EventDate "1999.??.??"]

1. c4 Nf6 2. Nc3 e6 3. e4 d5 4. exd5 exd5 5. d4 dxc4 6. Bxc4 Be7 7. Nf3 O-O 8.
O-O Bg4 9. Be3 Nbd7 10. Re1 Bd6 11. Bg5 h6 12. Be3 Nb6 13. Bd3 Re8 14. Rc1 Nbd5
15. Kh1 Nxc3 16. bxc3 Nd5 17. Bd2 Rxe1+ 18. Bxe1 Qf6 19. Be2 Nf4 20. Bc4 Nxg2
21. Kxg2 Bxf3+ 22. Qxf3 Qg5+ 23. Kf1 Qxc1 24. Qxf7+ Kh8 25. Qg6 Qg5 26. Qxg5
hxg5 27. h3 Re8 28. Bd3 c5 29. d5 a6 30. c4 Rb8 31. a4 Rf8 32. Be4 Rf4 33. f3
Rf8 34. Ba5 Rb8 35. Bb6 Re8 36. Kf2 Kg8 37. Bg6 Re5 38. a5 Re7 39. Bd8 Re5 40.
Bb6 Re7 41. Bd8 Re5 42. Bb6 Kf8 43. Bh5 Ke7 44. Bg4 Kf6 45. Bc8 Re7 46. Bd8 Ke5
47. Bxe7 Bxe7 48. Bxb7 Kd4 49. Bxa6 Bd6 50. Bb5 Bb8 51. a6 Bc7 52. a7 {
kasparov4 resigns} 1-0